Maat Kuvittain #1 - Statistics

Yleistilastot
  • Tätä visaa on pelattu 103 kertaa
  • Keskiarvotulos 8 / 15
Vastaustilastot
Kuvavisa Vastaus % Oikein
Australia
87%
Brasilia
87%
Japani
86%
Venäjä
85%
Islanti
77%
Saksa
76%
Intia
69%
Meksiko
59%
Thaimaa
52%
Kanada
48%
Israel / Palestiina
32%
Norja
21%
Venezuela
15%
Yhdistyneet Arabiemiirikunnat
14%
Uusi-Seelanti
13%
Ehtoja vastaavia visoja ei löytynyt
Tulosjakauma
Jokaisen tuloksen saaneiden osuus
Persentiili vastausten määrän mukaan
Tuloshistoriasi
Et ole pelannut tätä visaa